| 000 | 00495nam a22001935i 4500 | ||
|---|---|---|---|
| 999 |
_c9824 _d9824 |
||
| 003 | OSt | ||
| 005 | 20220303162839.0 | ||
| 008 | 160826s2017 nyu 000 0 eng | ||
| 010 | _a 2016950948 | ||
| 020 | _a9789352693139 | ||
| 042 | _apcc | ||
| 082 |
_a624 _bSHA |
||
| 100 | _aShivasharan Sharma | ||
| 245 | 0 | 0 |
_aMeasurement in science and civil engineering / _c[edited by] Nelson Bolivar. |
| 260 |
_aNew Delhi _bRandam Publication |
||
| 263 | _a1701 | ||
| 300 | _apages cm | ||
| 942 | _2ddc | ||